| 000 | 00335nam a2200121Ia 4500 | ||
|---|---|---|---|
| 008 | 230907s9999||||xx |||||||||||||| ||und|| | ||
| 082 |
_a543.0858 _bBRI |
||
| 100 |
_aBrisdon, Alan K. _9115401 |
||
| 245 | 0 | _aInorganic spectroscopic methods / | |
| 260 |
_aOxford Science Publications, _bOxford : _c2010 |
||
| 300 | _a91 p. : | ||
| 942 | _cBK | ||
| 999 |
_c598321 _d598321 |
||